Statistics for Big Ten College Football Teams

Click here to take the quiz!

General Stats

  • This quiz has been taken 42,250 times
    (2,569 since last reset)
  • The average score is 28 of 36

Answer Stats

School or Team Name% Correct
Michigan
97%
Ohio State
93%
Michigan State
91%
Iowa
90%
Wisconsin
90%
Indiana
87%
Penn State
87%
Wolverines
87%
Illinois
86%
Buckeyes
85%
Minnesota
85%
Nebraska
84%
Spartans
82%
Badgers
81%
Rutgers
79%
Hawkeyes
77%
Purdue
77%
Cornhuskers
76%
Hoosiers
76%
Maryland
76%
Northwestern
76%
Washington
76%
Oregon
74%
UCLA
73%
USC
73%
Fighting Illini
72%
Nittany Lions
72%
Golden Gophers
71%
Boilermakers
69%
Ducks
68%
Huskies
67%
Trojans
67%
Bruins
65%
Terrapins
64%
Wildcats
63%
Scarlet Knights
61%

Score Distribution

Percentile by Number Answered

Percent of People with Each Score

Your Score History

You have not taken this quiz since the last reset